000 00406nam a2200109Ia 4500
008 160909s9999 xx 000 0 und d
100 _aWallen, Benjamin M.
245 _aHeat and mass transfer through disturbed soil: Multiscale experimental and modeling investigation
260 _bColorado School of Mines.
_c2016
650 _aMASS COM
856 _uhttp://pqdtopen.proquest.com/doc/1796375586.html?FMT=ABS
999 _c304241
_d304241